000 00714nam a22002055i 4500
001 178211
003 ES-MaACL
005 20250827100727.0
008 110523s1968 sp |||| | spa d
080 _a726.85
245 0 4 _aLos gigantescos sepulcros faraónicos.
260 _aMadrid :
_bDelblan,
_cD. L. 1968.
300 _a16 p. ;
_c16 cm.
490 1 _aMosaico cultural : colección de temas instructivos. 1. Maravillas del universo ;
_v2
500 _aEncuadernado con otros títulos.
650 0 4 _aPirámides.
_916096
830 0 0 _aMosaico cultural: colección de temas instructivos.
_pMaravillas del universo
_v2
_9190804
852 _aES-MaACL
_jE-15188 (2)
_xOlim P-1923
999 _c178211
_d178211